| 000 | 01387nam a2200253Ia 4500 | ||
|---|---|---|---|
| 003 | PE SENCICO BE | ||
| 005 | 20260309172213.0 | ||
| 008 | 200515s9999 xx 000 0 und d | ||
| 040 |
_aPE SENCICO BE _cPE SENCICO BE |
||
| 041 | _aspa | ||
| 082 |
_a516.24 _bA45R |
||
| 100 | 1 |
_aAlva Cabrera, Rubén _92103 _eautor |
|
| 245 | 1 | 0 |
_aTrigonometría : _bteoría práctica / _cRubén Alva Cabrera |
| 250 | _a[1a ed.] | ||
| 260 |
_aLima : _bSan Marcos ; _csin año |
||
| 300 |
_a1059 p. : _bil., tbl., graf. ; _c22 cm. |
||
| 504 | _aBibliografía: p. 1061 | ||
| 505 | 0 | _aAngulo trigonométrico -- Razones trigonométricos en el triángulo rectángulo -- Razones trigonométricas de ángulos en posición normal -- Funciones trigonométricas -- Identidades trigonométricas -- Reducción al primer cuadrante -- Identidades trigonométricas de la suma y diferencia de ángulos -- Identidades trigonométricas angulo doble - angulo mitad - angulo triple -- Identidades del producto, suma y diferencia de seno y coseno -- Funciones trigonométricas inversas -- Ecuaciones e inecuaciones trigonométricas -- Resolución de triángulos -- Conceptos básicos de geometría analítica -- Trigonometría esférica | |
| 650 | 1 | 0 |
_aTrigonometría _92104 |
| 650 | 2 | 0 |
_aMatemáticas _92106 |
| 650 | 2 | 0 |
_aFunciones trigonométricas _92149 |
| 650 | 2 | 0 |
_aGeometría analítica _92105 |
| 942 |
_cLIB _2ddc |
||
| 999 |
_c66 _d66 |
||